000 00650nam a2200241Ia 4500
003 OSt
005 20221005093053.0
006 a|||||r|||| 00| 0
007 ta
008 221004b |||||||| |||| 00| 0 eng d
024 _a36212
037 _cTextual
040 _aCRL
_cCRL
_beng
041 _2eng
_aeng
082 _aN91.4, J6
100 _aBowers Faubion
_9152978
245 0 _aTheatre in the East
_b A survey of Asian dance and drama
260 _aNew York
_bThomas Nelson & Sons Ltd USA
_c1956
300 _a374p
_ccm.
650 _aARTS
942 _hN91.4, J6
_cTEXL
_2cc
999 _c999794
_d999794